00219nam a2200085Ia 4500008004100000082001600041100001700057245004000074260001900114231207s9999 xx 000 0 und d a791.43bKUP aKupsc, Jarek 4aThe history of cinema for beginners bOrient Longman